| 000 | 00409cam a2200169ua 4500 | ||
|---|---|---|---|
| 020 | _cRs. 10.75 | ||
| 041 |
_aeng _h |
||
| 082 |
_a636.5 _bNAI/PU |
||
| 100 | _aNaidu, P M N . | ||
| 245 | _aPouldry keeping in india | ||
| 260 |
_aNew Delhi : _bIndian Council for Agricultural Research , _c1964. |
||
| 300 | _a252 ; . | ||
| 365 | _aRs. 10.75 | ||
| 504 | _a | ||
| 942 | _cBK | ||
| 999 |
_c1671 _d1671 |
||